Movies Quiz

Random Movies or Letter Quiz

Movies with Alliterative Titles Quiz Stats

Quiz Updated Jun 11, 2016

Challenge
Share
Tweet
Score 0/20 Timer 05:00
0 Plays Today
% Correct
Peter Pan
99.3%
Fantastic Four
93.1%
King Kong
93%
Dirty Dancing
88.7%
Batman Begins
84.4%
Freaky Friday
83.5%
Doctor Dolittle
80.4%
Mamma Mia!
75.3%
Wild Wild West
75.3%
Pitch Perfect
73.6%
% Correct
Gone Girl
73.2%
Brother Bear
70%
Donnie Darko
63.3%
What Women Want
60.9%
Coach Carter
50.4%
Victor/Victoria
42.5%
Revolutionary Road
42.2%
Due Date
36%
Rat Race
24.8%
Bye Bye Birdie
18.6%

You're not logged in!

Compare scores with friends on all Sporcle quizzes.
Join for Free
OR
Log In

You Might Also Like...

Show Comments

Extras

Top Quizzes Today


Score Distribution

Your Account Isn't Verified!

In order to create a playlist on Sporcle, you need to verify the email address you used during registration. Go to your Sporcle Settings to finish the process.

Report this User

Report this user for behavior that violates our Community Guidelines.

Details: